| 000 | 00569nam a22002057a 4500 | ||
|---|---|---|---|
| 005 | 20250519132655.0 | ||
| 008 | 250519b |||||||| |||| 00| 0 eng d | ||
| 040 | _cDO | ||
| 245 | _aMadidi | ||
| 250 | _aMarch 2000 Vol. 197 No. 3 | ||
| 490 | _aNational Geographic | ||
| 520 | _aMadidi National Park, Bugging Out, Arctic Submarine, Ancient Greece III, Hard Rock Legacy, Stone Cold Ascent, Beijing | ||
| 650 | _xMADIDI | ||
| 650 | _xCOLD WAR | ||
| 650 | _xANCIENT GREECE III | ||
| 650 | _xMINING | ||
| 650 | _xCLIMBERS | ||
| 650 | _xBEIJING | ||
| 942 |
_2ddc _cCR |
||
| 999 |
_c5534 _d5534 |
||